Top 10 richest countries - Statistics

General Stats
  • This quiz has been taken 40 times
  • The average score is 5 of 10
Answer Stats
GDP per capita (USD) Answer % Correct
$63,051.40 United States
91%
$67,988.59 Norway
60%
$52,751.11 Qatar
57%
$81,867.46 Switzerland
57%
$109,602.32 Luxembourg
51%
$58,483.96 Singapore
51%
$57,189.03 Iceland
40%
$58,438.85 Denmark
37%
$79,668.50 Ireland
34%
$51,885.47 Australia
26%
No matching quizzes found
Score Distribution
Percent of People with Each Score
Percentile by Number Answered
Your Score History
You have not taken this quiz